Central Library OPAC University of Rajshahi

Ḥarf-i ārzū / (Record no. 85058)

MARC details
000 -LEADER
fixed length control field 00670cam a22002417a 4500
001 - CONTROL NUMBER
control field 85058
003 - CONTROL NUMBER IDENTIFIER
rucl marc code BD-RjUL
005 - DATE AND TIME OF LATEST TRANSACTION
control field 20250625144352.0
008 - FIXED-LENGTH DATA ELEMENTS--GENERAL INFORMATION
fixed length control field 880916s1980 ii 000 0 urd
020 ## - INTERNATIONAL STANDARD BOOK NUMBER
Terms of availability Rs15.00
035 ## - SYSTEM CONTROL NUMBER
System control number (BD-RjUL) 85058
040 ## - CATALOGING SOURCE
Original cataloging agency DLC
Transcribing agency DLC
Modifying agency DLC
Language of cataloging eng
041 ## - LANGUAGE CODE
Language code of text/sound track or separate title eng
082 ## - DEWEY DECIMAL CLASSIFICATION NUMBER
Edition number 23
Classification number 891.4391
Author mark and year BAH 1980
100 0# - MAIN ENTRY--PERSONAL NAME
Personal name Jamīlah Bānū,
Dates associated with a name 1936-
9 (RLIN) 15778
245 10 - TITLE STATEMENT
Title Ḥarf-i ārzū /
Statement of responsibility, etc. Jamīlah Bānū.
260 ## - PUBLICATION, DISTRIBUTION, ETC. (IMPRINT)
Place of publication, distribution, etc. Naʼī Dihlī :
Name of publisher, distributor, etc. Idārah-yi Adabiyāt :
-- Milne ke pate, Moḍarn Pablishing Hāʼūs,
Date of publication, distribution, etc. 1980.
300 ## - PHYSICAL DESCRIPTION
Pagination 96 p. ;
Size 22 cm.
500 ## - GENERAL NOTE
General note Poems.
General note In Urdu.
650 ## - SUBJECT ADDED ENTRY--TOPICAL TERM
Topical term or geographic name as entry element Urdu Poem
9 (RLIN) 3879
942 ## - ADDED ENTRY ELEMENTS (KOHA)
Source of classification or shelving scheme Dewey Decimal Classification
Koha item type Books
Holdings
Lost status Source of classification or shelving scheme Damaged status Not for loan Collection code Permanent Location Current Location Shelving location Date acquired Total Checkouts Full call number Date last seen Copy number Koha item type
  Dewey Decimal Classification   Not For Loan Non-fiction Central Library, University of Rajshahi Central Library, University of Rajshahi Reading Room 25/06/2025   U 891.4391 BAH 1980 25/06/2025 cc-1 Books